Queensland Regional Rail Stations - Statistics

General Stats
  • This quiz has been taken 10 times
  • The average score is 29 of 70
Answer Stats
Line Answer % Correct
Tilt Train Bundaberg
89%
Spirit of Queensland Cairns
89%
Spirit of the Outback Longreach
89%
Tilt Train Rockhampton
89%
Tilt Train Caboolture
78%
Westlander Ipswich
78%
Kuranda Scenic Railway Kuranda
78%
Tilt Train Nambour
78%
Westlander Roma
78%
Westlander Toowoomba
78%
Spirit of Queensland Townsville
78%
Spirit of Queensland Ayr
67%
Inlander Charters Towers
67%
Tilt Train Cooroy
67%
Spirit of the Outback Emerald
67%
Tilt Train Gympie North
67%
Tilt Train Landsborough
67%
Spirit of Queensland Mackay
67%
Inlander Mount Isa
67%
Spirit of the Outback Alpha
56%
Spirit of Queensland Bowen
56%
Westlander Brisbane (Roma Street)
56%
Tilt Train Gladstone
56%
Spirit of Queensland Innisfail
56%
Spirit of Queensland Proserpine
56%
Westlander Rosewood
56%
Westlander Charleville
44%
Inlander Cloncurry
44%
Spirit of Queensland Gordonvale
44%
Tilt Train Maryborough West
44%
Westlander Miles
44%
Spirit of Queensland Cardwell
33%
Westlander Corinda
33%
Gulflander Croydon
33%
Westlander Dalby
33%
Kuranda Scenic Railway Freshwater
33%
Spirit of Queensland Home Hill
33%
Inlander Hughenden
33%
Spirit of Queensland Ingham
33%
Gulflander Normanton
33%
Inlander Richmond
33%
Spirit of Queensland Tully
33%
Spirit of the Outback Anakie
22%
Spirit of Queensland Babinda
22%
Spirit of the Outback Barcaldine
22%
Spirit of the Outback Blackwater
22%
Spirit of Queensland Carmila
22%
Westlander Chinchilla
22%
Spirit of the Outback Duaringa
22%
Westlander Gatton
22%
Spirit of Queensland Giru
22%
Tilt Train Howard
22%
Inlander Julia Creek
22%
Westlander Laidley
22%
Tilt Train Miriam Vale
22%
Tilt Train Mount Larcom
22%
Inlander Pentland
22%
Spirit of Queensland Sarina
22%
Spirit of Queensland St Lawrence
22%
Gulflander Blackbull
11%
Spirit of the Outback Bluff
11%
Inlander Duchess
11%
Spirit of the Outback Ilfracombe
11%
Spirit of the Outback Jericho
11%
Westlander Oakey
11%
Westlander Helidon
0%
Westlander Mitchell
0%
Westlander Morven
0%
Inlander Torrens Creek
0%
Westlander Yuleba
0%
No matching quizzes found
Score Distribution
Percent of People with Each Score
Percentile by Number Answered
Your Score History
You have not taken this quiz